| 000 | 00607nam a2200181Ia 4500 | ||
|---|---|---|---|
| 008 | 090630s9999 xx 000 0 und d | ||
| 082 | _b23917 | ||
| 100 | _aपरांजपे राम. | ||
| 245 |
_aप्रॉडीगल डॉटर. _cपरांजपे राम. |
||
| 260 | _bसानिया - पुणे. | ||
| 300 | _a0 | ||
| 600 | _aपरांजपे राम. | ||
| 630 | _aप्रॉडीगल डॉटर. | ||
| 655 | _aकादंबरी. | ||
| 700 | _aपरांजपे राम. | ||
| 730 | _aप्रॉडीगल डॉटर. | ||
| 942 | _cBOOK | ||
| 999 |
_c275773 _d275773 |
||